Catálogo

Cárdenas por Cárdenas / (Registro nro. 25911)

Detalles MARC
000 -LEADER
fixed length control field 01283cam a2200361 i 4500
001 - CONTROL NUMBER
control field 25911
003 - CONTROL NUMBER IDENTIFIER
control field Mx-PuUPA
005 - DATE AND TIME OF LATEST TRANSACTION
control field 20251023113614.0
008 - FIXED-LENGTH DATA ELEMENTS--GENERAL INFORMATION
fixed length control field 140415s2016 mx a gr 001 0dspa d
020 ## - INTERNATIONAL STANDARD BOOK NUMBER
International Standard Book Number 9786073149105
040 ## - CATALOGING SOURCE
Original cataloging agency Mx-PuUPA
Language of cataloging spa
Transcribing agency Mx-PuUPA
Modifying agency Mx-PuUPA
Description conventions rda
041 0# - LANGUAGE CODE
Language code of text/sound track or separate title spa
043 ## - GEOGRAPHIC AREA CODE
Geographic area code n-mx---
100 1# - MAIN ENTRY--PERSONAL NAME
Personal name Cárdenas Solórzano, Cuauhtémoc,
Dates associated with a name 1934-
9 (RLIN) 17624
Relator term autor
245 13 - TITLE STATEMENT
Title Cárdenas por Cárdenas /
Remainder of title Cuauhtémoc Cárdenas
250 ## - EDITION STATEMENT
Edition statement Primera edición /
Remainder of edition statement febrero
264 #1 - PRODUCTION, PUBLICATION, DISTRIBUTION, MANUFACTURE, AND COPYRIGHT NOTICE
Place of production, publication, distribution, manufacture Ciudad de México :
Name of producer, publisher, distributor, manufacturer Debate,
Date of production, publication, distribution, manufacture, or copyright notice 2016
300 ## - PHYSICAL DESCRIPTION
Extent 766 páginas, 28 láminas sin numerar:
Other physical details ilustraciones ;
Dimensions 23 cm
336 ## - CONTENT TYPE
Fuente rdacontent
Content type term texto
Content type code txt
337 ## - MEDIA TYPE
Source rdamedia
Media type term sin medio
Media type code n
338 ## - CARRIER TYPE
Source rdacarrier
Carrier type term volumen
Carrier type code nc
490 0# - SERIES STATEMENT
Series statement Historia
500 ## - GENERAL NOTE
General note Reimpresiones: (primera reimpresión, febrero, 2017).
600 14 - SUBJECT ADDED ENTRY--PERSONAL NAME
Personal name Cárdenas, Lázaro,
Dates associated with a name 1895-1970
9 (RLIN) 13325
650 #7 - SUBJECT ADDED ENTRY--TOPICAL TERM
Source of heading or term armarc
Topical term or geographic name entry element Presidentes
Geographic subdivision México
Form subdivision Biografía
651 #4 - SUBJECT ADDED ENTRY--GEOGRAPHIC NAME
Geographic name México
Form subdivision Política y gobierno
Chronological subdivision 1910-1946
651 #4 - SUBJECT ADDED ENTRY--GEOGRAPHIC NAME
Geographic name México
Form subdivision Política y gobierno
Chronological subdivision 1946-1970
942 ## - ADDED ENTRY ELEMENTS (KOHA)
Source of classification or shelving scheme Dewey Decimal Classification
Koha item type Libro
Classification part 972.082092
Item part C25
Existencias
Withdrawn status Lost status Source of classification or shelving scheme Damaged status Not for loan Collection code Home library Current library Shelving location Date acquired Source of acquisition Cost, normal purchase price Total Checkouts Full call number Barcode Date last seen Cost, replacement price Price effective from Koha item type
    Dewey Decimal Classification     General Biblioteca Karol Wojtyla Biblioteca Karol Wojtyla Sala general 03/12/2013 Donación 0.00   972.082092 C25 2016 48241 05/01/2026 0.00 03/12/2013 Libro